[Event "Olympiad Women 2024"]
[Site "Budapest HUN"]
[Date "2024.09.21"]
[Round "10.26"]
[Board "4"]
[White "Pena Gonzalez, Clara Isabel"]
[Black "Terbe, Zsuzsanna"]
[Result "0-1"]
[WhiteElo "1895"]
[BlackElo "2168"]
[PlyCount "152"]
[EventDate "2024.09.11"]
[WhiteTeam "Venezuela"]
[BlackTeam "Hungary B"]
[WhiteTeamCountry "VEN"]

1. e4 e5 2. Nf3 Nc6 3. Bb5 a6 4. Ba4 Nf6 5. O-O b5 6. Bb3 Bc5 7. d3 d6 8. c3 h6 9. h3 O-O 10. Re1 Re8 11. Nbd2 Bb6 ({RR} 11... Be6 12. Bc2 d5 13. exd5 Bxd5 14. b4 Bf8 15. a4 g6 16. Qe2 Bg7 17. Ne4 Nxe4 18. dxe4 Bc4 19. Qe3 Qe7 20. Nd2 Be6 21. Bd3 Rab8 22. axb5 axb5 23. Qe2 Bd7 24. Nb3 Nd8 25. Be3 Ne6 26. g3 {0-1 Caruana,F (2828)-Harikrishna,P (2726) Saint Louis Champions Showdown blitz 2019 (20.1)}) 12. a4 Rb8 13. Nf1 ({RR} 13. axb5 axb5 14. Nf1 Be6 15. Bxe6 Rxe6 16. Ng3 d5 17. Be3 Bxe3 18. Rxe3 dxe4 19. dxe4 Qxd1+ 20. Rxd1 Ne7 21. Red3 Ng6 22. Rd8+ Re8 23. Rxb8 Rxb8 24. Ra1 b4 25. Ra7 bxc3 26. bxc3 Rb1+ 27. Kh2 Rb2 {1-0 Schmakel,S (2457)-Wartiovaara,O (2274) Titled Tue 16th Apr Late 2024 (1)}) 13... Ne7 14. Nh4 $146 ({RR} 14. axb5 axb5 15. Ng3 Be6 16. Nh4 Qd7 17. Bxe6 fxe6 18. Be3 b4 19. Nh5 Nxh5 20. Qxh5 Bxe3 21. Rxe3 bxc3 22. bxc3 Rf8 23. Rg3 Rf6 24. d4 Nc6 25. d5 exd5 26. Nf5 Kf8 27. Nxg7 dxe4 28. Qh4 Qf7 {1-0 Arunima,K (1867)-Parnali,S (1752) IND-chB (Women) 38th 2011 (6)}) ({RR} 14. Ng3 Ng6 15. a5 Ba7 16. Be3 Bxe3 17. fxe3 c5 18. Qd2 Qc7 19. d4 d5 20. Bc2 Bb7 21. dxe5 Nxe4 22. Nxe4 dxe4 23. Nh2 Nxe5 24. Ng4 Nxg4 25. hxg4 Rbd8 26. Qf2 Qe7 27. Rf1 Rd6 28. Rad1 Rf6 {1-0 Nadzamova,V (1766)-Koloditsova,R (1978) EU-ch (Women) 19th 2018 (7)}) 14... d5 15. Qf3 Qd6 16. Ne3 Be6 17. exd5 Nfxd5 18. Ng4 Bxg4 19. hxg4 Qf6 20. Nf5 Nxf5 21. Bxd5 Ne7 22. Qxf6 gxf6 23. Be4 Kg7 24. a5 Ba7 25. b4 Red8 26. Bd2 c6 27. g3 Rb7 28. Kg2 Rc7 29. Rh1 Ng8 30. Rh5 c5 31. bxc5 Bxc5 32. Rah1 Ba7 33. f4 Re8 34. g5 hxg5 35. fxg5 Bc5 36. Rh7+ Kf8 37. g6 Bd6 38. gxf7 Rxf7 39. Bg6 Rxh7 40. Rxh7 Re7 41. Rxe7 Kxe7 42. Be4 Kd7 43. Bb7 Ne7 44. Bxa6 Kc6 45. Kf3 f5 46. c4 b4 47. Bb5+ Kc7 48. a6 Nc6 49. Bxc6 Kxc6 50. g4 fxg4+ 51. Kxg4 Bc5 52. Kf5 b3 53. Bc1 Bd4 54. Ke6 Kb6 55. c5+ Bxc5 56. Kxe5 Kxa6 57. Kd5 Kb5 58. Bb2 Kb4 59. Kc6 Bf8 60. Kd5 Bh6 61. Ke4 Bd2 62. d4 Bc3 63. Bc1 Kc4 64. d5 Bb4 65. Bb2 Bd6 66. Bc1 Kc3 67. Be3 Kc2 68. Bd4 Bb4 69. Bg7 Bc3 70. Bxc3 Kxc3 71. d6 b2 72. Ke5 b1=Q 73. Ke6 Qe4+ 74. Kf7 Qd5+ 75. Ke7 Qe5+ 76. Kd7 Kc4 0-1

[Event "Olympiad Women 2024"]
[Site "Budapest HUN"]
[Date "2024.09.21"]
[Round "10.27"]
[Board "1"]
[White "Nassr, Lina"]
[Black "Cvitan, Ena"]
[Result "0-1"]
[WhiteElo "2010"]
[BlackElo "2259"]
[PlyCount "172"]
[EventDate "2024.09.11"]
[WhiteTeam "Algeria"]
[BlackTeam "Croatia"]
[WhiteTeamCountry "ALG"]
[BlackTeamCountry "CRO"]

1. e4 {Harikrishna,Pentala} c6 2. Nf3 d5 3. exd5 cxd5 4. Ne5 a6 5. d4 Nc6 6. c4 ({RR} 6. c3 Bf5 7. Nd2 e6 8. Ndf3 Bd6 9. Bd3 Nge7 10. O-O Bxe5 11. dxe5 Bxd3 12. Qxd3 Ng6 13. Re1 Qc7 14. Qe2 O-O 15. h4 Rfc8 16. h5 Nf8 17. h6 g6 18. Nh2 b5 19. Bg5 Rab8 20. Qf3 f5 {1-0 Sargsyan,A (2047)-Cvitan,E (2270) EU-ch U16 Girls 27th 2017 (7)}) 6... Nf6 ({RR} 6... Nxe5 7. dxe5 e6 8. cxd5 Ne7 9. Be2 Nxd5 10. O-O) 7. Nxc6 ({RR} 7. Nc3 Nxe5 ({RR} 7... e6 8. Nxc6 bxc6 9. c5 Qc7 10. Bd3 e5 11. O-O) 8. dxe5 d4 9. exf6 dxc3 10. Qxd8+ Kxd8 11. bxc3 ({RR} 11. fxe7+ Bxe7 12. bxc3 Bf6 13. Kd2 Be6) 11... exf6 ({RR} 11... gxf6 12. Rb1 Rg8 13. Be3 e5 14. Be2 Rxg2 15. Bf3) 12. Be3 Bf5 13. Be2 Kc7 14. O-O Re8 15. Rfd1 ({RR} 15. Rfe1 Bd6 16. c5 Be5 17. Rac1 g5 18. Bf3 h5 19. Bd5 Bg6 20. g3) 15... Bc5 16. Bxc5 ({RR} 16. Bf4+ Kb6) 16... Rxe2 17. Bd6+ Kc6 ({RR} 17... Kc8 18. Bc5 Rhe8 19. h3 ({RR} 19. Bb6 Bc2) 19... Rb2 20. a4 Ree2 21. a5 Be6 22. Bb6 Red2) 18. Bf4 Rhe8 ({RR} 18... Be6 19. Rd6+ Kc5) 19. Kf1 Bc2 ({RR} 19... R8e6 20. Rd5 R2e4 21. Rxf5 g6) 20. Rd6+ Kc5 21. Rd7 Kxc4 {1-0 Harikrishna,P (2725)-Dreev,A (2662) EU-Cup 30th Bilbao 2014 (7.3)} ({RR} 21... R2e4)) ({RR} 7. Nc3 dxc4 8. Nxc6 bxc6 9. Bxc4 e6 10. O-O Be7 11. Re1 O-O 12. Bg5 Rb8 13. Bb3 c5 14. d5 Nxd5 15. Bxe7 Nxe7 16. Qh5 c4 17. Bxc4 Rxb2 18. Rad1 Qb6 19. Rf1 Rc2 20. Bd3 g6 21. Qe5 Nc6 {1-0 Gao,R (2001)-Novikov,E (2276) Titled Tue 2nd Jan Early 2024 (6)}) 7... bxc6 8. Nd2 g6 $146 ({RR} 8... Bg4 9. Qc2 Qb6 10. c5 Qb7 11. Bd3 e6 12. O-O Be7 13. Rb1 a5 14. a3 a4 15. b4 axb3 16. Rxb3 Qc7 17. h3 Bh5 18. Re1 O-O 19. Nb1 Rfb8 20. Nc3 Rxb3 21. Qxb3 Rb8 22. Qc2 Bg6 23. Bxg6 {0-1 Lin,B (2050)-Garcia Ramos,D (2448) Titled Tue 19th Dec Late 2023 (7)}) 9. Qa4 Bd7 10. c5 Bg7 11. Bd3 O-O 12. O-O Qc7 13. Nf3 Nh5 14. Re1 Rfe8 15. Ne5 f6 16. Nxd7 Qxd7 17. Be3 e5 18. Rad1 Qb7 19. Bf1 Bf8 20. g4 Ng7 21. g5 fxg5 22. Bxg5 Ne6 23. Rxe5 Bg7 24. Be3 Bxe5 25. dxe5 a5 26. Bh3 Rac8 27. Qh4 Qe7 28. Qa4 Qc7 29. f4 Rb8 30. Qc2 Rb4 31. Bxe6+ Rxe6 32. Bd4 Qf7 33. Qd2 Qf5 34. Re1 g5 35. a3 Rc4 36. Bc3 gxf4 37. Kh1 Kf7 38. Qf2 Rxc3 39. bxc3 Rxe5 40. Rxe5 Qxe5 41. Qh4 Qe4+ 42. Kg1 f3 43. Qg3 Qb1+ 44. Kf2 Qc2+ 45. Kf1 Qd3+ 46. Kf2 Qe2+ 47. Kg1 Qe3+ 48. Kf1 Qxc5 49. Qxf3+ Ke7 50. Qe2+ Kd8 51. Qe5 Qxa3 52. Qb8+ Kd7 53. Qb7+ Kd6 54. Qb8+ Ke6 55. Qe8+ Qe7 56. Qxc6+ Ke5 57. Qa4 Kf5 58. Qxa5 Qe4 59. Qc5 Qh1+ 60. Ke2 Qxh2+ 61. Kd3 Qg3+ 62. Kd2 Qf4+ 63. Kd1 Qf3+ 64. Kd2 Kg4 65. Qg1+ Kh3 66. Qa7 h5 67. Qd7+ Kg2 68. Qg7+ Kf2 69. Qd4+ Kf1 70. Qe5 Kf2 71. Qh2+ Kf1 72. Qe5 Kg2 73. Qg5+ Kh3 74. Qh6 h4 75. Kc2 Qe4+ 76. Kd2 Kg3 77. Qg5+ Kh2 78. Qg7 h3 79. Qh6 Qg2+ 80. Ke1 Qf3 81. Qd2+ Kh1 82. Qd4 Qe4+ 83. Kf1 Qg2+ 84. Ke1 Qg1+ 85. Ke2 Qxd4 86. cxd4 Kg2 0-1

[Event "Olympiad Women 2024"]
[Site "Budapest HUN"]
[Date "2024.09.21"]
[Round "10.27"]
[Board "2"]
[White "Berke, Ana"]
[Black "Latreche, Sabrina"]
[Result "1-0"]
[WhiteElo "2093"]
[BlackElo "2030"]
[PlyCount "69"]
[EventDate "2024.09.11"]
[WhiteTeam "Croatia"]
[BlackTeam "Algeria"]
[WhiteTeamCountry "CRO"]
[BlackTeamCountry "ALG"]

1. e4 e5 2. Nf3 Nc6 3. Bb5 Nge7 4. Nc3 g6 5. d4 exd4 6. Nd5 Nxd5 7. exd5 Qe7+ 8. Kf1 Qc5 ({RR} 8... Ne5 9. Bg5 f6 10. Bf4 c5 11. Qe2 Bg7 12. Re1 a6 13. Nxe5 fxe5 14. Bxe5 Bxe5 15. Qxe5 Qxe5 16. Rxe5+ Kf7 17. Bd3 d6 18. Re2 Bd7 19. f4 b5 20. b3 Rac8 21. Kf2 Rhe8 22. Rhe1 Rxe2+ 23. Rxe2 {0-1 Priasmoro,N (2502)-Sviridov,V (2562) Titled Tuesday intern op 02nd Feb blitz 2021 (8)}) 9. Qe2+ Ne7 10. Bg5 c6 ({RR} 10... Bg7 11. Re1 f6 12. b4 Qxb4 13. Bd2 Qa3 14. Nxd4 Kd8 15. Bc1 Qc5 16. Nb3 Qd6 17. Bf4 Qa3 18. d6 Nd5 19. Bc4 cxd6 20. Bxd5 Bf8 21. h4 Qb4 22. Bd2 Qa4 23. Rh3 Rb8 24. Qe8+ {1-0 Pavic,F (2261)-Dubrovic,M (1955) 28th Bosnjaci Open 2024 (6.11)}) 11. Bf6 $146 ({RR} 11. Bd3 Bg7 12. Re1 f6 13. Bf4 Kf7 14. d6 Nd5 15. Bc4 b6 16. b4 Qxb4 17. Bxd5+ cxd5 18. Qe7+ Kg8 19. Qe8+ Bf8 20. Kg1 Kg7 21. Re7+ Bxe7 22. Qxe7+ Kg8 23. Bh6 Qb1+ 24. Ne1 Qxe1+ 25. Qxe1 Ba6 {1-0 Nguyen,T (2201)-Brinovec,D (1910) Wch U12 Al Ain 2013 (11)}) ({RR} 11. Bc4 cxd5 12. Bb3 Qd6 13. Nxd4 a6 14. Re1 f6 15. Bd2 Kf7 16. h4 h5 17. Rh3 b6 18. a3 a5 19. Nb5 Qe5 20. a4 Ba6 21. Rc3 Bxb5 22. axb5 Qd6 23. Qf3 Rc8 24. Rd3 Kg7 25. Kg1 a4 {1-0 Todorovic,G (2488)-Rajkovic,D (2223) Belgrade-ch 2013 (6)}) ({RR} 11. Re1 cxb5 12. Qe5 Rg8 13. d6 Qxe5 14. Rxe5 Bg7 15. Rxe7+ Kf8 16. Ne5 f6 17. Rf7+ Ke8 18. Re7+ Kf8 19. Bxf6 Bxf6 20. Rf7+ Ke8 21. Rxf6 Rf8 22. Rxf8+ Kxf8 23. Ke2 b6 24. Kd3 Bb7 25. Nxd7+ Ke8 {1-0 Musial,I (1921)-Kubica,K (2139) 19th Baltic Pearl Open A 2023 (9.4)}) 11... Rg8 12. Bc4 Bg7 13. Bh4 Rf8 14. Re1 f6 15. Nxd4 cxd5 16. Bxd5 Rf7 17. Bxf7+ Kxf7 18. Bg3 Qxd4 19. Qxe7+ Kg8 20. Bd6 h5 21. h4 b6 22. Kg1 Qxb2 23. Qe4 Qc3 24. Rh3 Qc6 25. Qe8+ Kh7 26. Rg3 Qxc2 27. Re7 Bb7 28. Qxd7 Rg8 29. Bf4 Bc8 30. Qd3 Qxd3 31. Rxd3 g5 32. hxg5 fxg5 33. Be5 Bf5 34. Rc3 Kh8 35. Rxg7 1-0

[Event "Olympiad Women 2024"]
[Site "Budapest HUN"]
[Date "2024.09.21"]
[Round "10.27"]
[Board "3"]
[White "Abdi, Zineb Dina"]
[Black "Ivekovic, Tihana"]
[Result "0-1"]
[WhiteElo "1915"]
[BlackElo "2143"]
[PlyCount "84"]
[EventDate "2024.09.11"]
[WhiteTeam "Algeria"]
[BlackTeam "Croatia"]
[WhiteTeamCountry "ALG"]
[BlackTeamCountry "CRO"]

1. e4 {Saunders,John C} e5 2. Nf3 Nc6 3. Bc4 Nf6 4. d3 ({RR} 4. Ng5) 4... Bc5 5. c3 d6 6. Nbd2 a6 7. Bb3 Ba7 8. Nf1 h6 9. Ng3 Be6 10. O-O O-O 11. h3 ({RR} 11. Qe2 Nh7 12. h3 Qd7 13. Kh2 Ne7 14. Be3 Bxb3 15. axb3 f5 16. exf5 Nxf5 17. Nxf5 Qxf5 18. d4 e4 19. Nh4 Qe6 20. g3 g5 21. Ng2 Qxb3 22. h4 Qe6 23. Rh1 Rf7 24. Kg1 Qg6 25. hxg5 hxg5 {1-0 Abdi,Z (1889)-Ibrahimi,F (1455) Agadir zt 4.1 (Women) 2016 (9)}) 11... Re8 ({RR} 11... Qd7 12. Be3 Ne7 13. Nh4 Ng6 ({RR} 13... Bxh3 14. Bxa7 Rxa7 15. gxh3 Qxh3 16. Ng2 ({RR} 16. Nf3 Ng6) 16... Ng4 17. Re1 Qh2+ 18. Kf1 Qh3 19. f3) 14. Nhf5 Ne7 15. Nxe7+ Qxe7 16. Bxa7 Rxa7 17. f4 c5 18. Bc2 ({RR} 18. a4) 18... b5 19. Qd2 Rb7 20. a3 a5 21. Rf2 b4 22. axb4 axb4 23. Raf1 bxc3 24. bxc3 exf4 25. Rxf4 Nh7 26. d4 {1-0 Carlsen,M (2826)-Nakamura,H (2758) London Classic 3rd 2011 (3)}) ({RR} 11... d5) 12. Qe2 d5 13. Kh2 $146 ({RR} 13. Re1 dxe4 14. dxe4 Qe7 15. Nh4 Bxb3 16. axb3 Qe6 17. b4 Rad8 18. Nhf5 Rd7 19. Be3 Bxe3 20. Nxe3 Red8 21. Rad1 Qb3 22. Rxd7 Rxd7 23. Ng4 Qe6 24. Nf5 Ne7 25. Nfxh6+ Kh7 26. Nxf7 Qxf7 27. Nxe5 Qe6 {1-0 Gombos,B (1884)-Smideliusz,M (1968) Szombathely op-B 2010 (2)}) ({RR} 13. Bc2 Qd7 14. Nh2 Rad8 15. Qf3 Nh7 16. Nh5 Ne7 17. Ng4 Bxg4 18. hxg4 Ng6 19. Ng3 Nh4 20. Qe2 Qe6 21. Nf5 Nxf5 22. gxf5 Qf6 23. Qg4 Ng5 24. g3 g6 25. fxg6 Nf3+ 26. Kh1 fxg6 27. Bxh6 Kh7 {0-1 Polterauer,C (2136)-Wimmer,M (2141) ch-AUT Rapid 2024 (4.14)}) ({RR} 13. Rd1 Qe7 14. Nh4 dxe4 15. Nhf5 Qf8 16. dxe4 Bxb3 17. axb3 Ne7 18. Qf3 Nxf5 19. Nxf5 Re6 20. Be3 Bxe3 21. Nxe3 Rd8 22. b4 {½-½ Landa,K (2597)-Adams,M (2707) NED-chT 0506 playoff 2006 (1.1)}) ({RR} 13. Rd1 dxe4 14. dxe4 Qe7 15. Nh4 Bxb3 16. axb3 Qe6 17. b4 Rad8 18. Rxd8 Rxd8 19. Nhf5 Bb6 20. Be3 Bxe3 21. Qxe3 Kh7 22. Re1 Ng8 23. Qe2 g6 24. Ne3 Nge7 25. Rd1 Rxd1+ 26. Qxd1 Qd6 27. Qe2 b5 {½-½ Hendriks,W (2406)-Markus,J (2003) Hilversum op 2016 (1)}) 13... Na5 14. Bc2 dxe4 15. Nxe4 Nxe4 16. Qxe4 Bd5 17. Qe2 e4 18. Nd4 exd3 19. Qxd3 Be4 20. Qd1 Bxd4 21. cxd4 Nc6 22. Be3 Qd6+ 23. Kg1 Rad8 24. Bxe4 Rxe4 25. Qf3 Qe6 26. Rfd1 Ne7 27. Rd3 Nd5 28. a3 f5 29. Rad1 g5 30. Bd2 Qg6 31. Rc1 c6 32. Qd1 Rde8 33. b4 h5 34. Qf3 h4 35. g3 g4 36. Qg2 gxh3 37. Qxh3 Rg4 38. Kh2 Re2 39. Qf1 hxg3+ 40. Rxg3 Rxd2 41. Qe1 Rxg3 42. Qxd2 Rg4 0-1

[Event "Olympiad Women 2024"]
[Site "Budapest HUN"]
[Date "2024.09.21"]
[Round "10.27"]
[Board "4"]
[White "Vujnovic, Patricija"]
[Black "Nassr, Rania"]
[Result "1-0"]
[WhiteElo "2134"]
[BlackElo "1866"]
[PlyCount "97"]
[EventDate "2024.09.11"]
[WhiteTeam "Croatia"]
[BlackTeam "Algeria"]
[WhiteTeamCountry "CRO"]
[BlackTeamCountry "ALG"]

1. d4 Nf6 2. c4 e6 3. Nc3 d5 4. cxd5 exd5 5. g3 Be7 6. Bg2 O-O 7. Nf3 c6 8. O-O b5 9. Ne5 $146 ({RR} 9. a3 a5 10. Bd2 Ba6 11. Re1 Ne4 12. Bf4 f5 13. Qc2 b4 14. Nxe4 dxe4 15. Ne5 Qxd4 16. Rad1 Qc5 17. Qb3+ Kh8 18. Nf7+ Rxf7 19. Qxf7 g5 20. Be3 {1-0 Ryszka,M (1186)-Bogacki,M (1311) Krakow Winter op-B 2022 (7)}) 9... Bb7 10. Bf4 Nbd7 11. Rc1 Nxe5 12. Bxe5 Qd7 13. Qd3 Rad8 14. a3 Ne8 15. e4 dxe4 16. Bxe4 f5 17. Bg2 Bf6 18. Qe2 Nc7 19. Bxc7 Qxc7 20. Nd5 Qd7 21. Nxf6+ Rxf6 22. Rfd1 a6 23. Qe5 Rd6 24. b4 g6 25. Bf3 Qg7 26. Qc5 Qd7 27. Kg2 Kf7 28. h4 h5 29. Rc3 Re8 30. Rcd3 Rd8 31. Re3 Re8 32. Rxe8 Kxe8 33. Re1+ Re6 34. Re5 Kf7 35. Kh2 Qe7 36. Qb6 Rxe5 37. dxe5 Qd7 38. Qa7 Bc8 39. Qe3 Kg7 40. Qg5 Qe6 41. Bxh5 Kf7 42. Bf3 Qxe5 43. h5 gxh5 44. Bxh5+ Ke6 45. Qd8 Bd7 46. Bf7+ Kxf7 47. Qxd7+ Kf6 48. Qxc6+ Kg5 49. f4+ 1-0

[Event "Olympiad Women 2024"]
[Site "Budapest HUN"]
[Date "2024.09.21"]
[Round "10.28"]
[Board "1"]
[White "Gomez Barrera, Javiera Belen"]
[Black "Movsesian, Julia"]
[Result "1/2-1/2"]
[WhiteElo "2123"]
[BlackElo "2198"]
[PlyCount "65"]
[EventDate "2024.09.11"]
[WhiteTeam "Chile"]
[BlackTeam "Czech Republic"]
[WhiteTeamCountry "CHI"]
[BlackTeamCountry "CZE"]

1. e4 e5 2. Nf3 Nc6 3. Bc4 Nf6 4. d3 Bc5 5. O-O d6 6. c3 a6 7. a4 Ba7 8. Re1 O-O 9. h3 h6 10. b4 Re8 11. Nbd2 Be6 12. Bxe6 Rxe6 13. Qc2 Qd7 14. Rb1 ({RR} 14. Nf1 Ne7 15. Ng3 Ng6 16. c4 Rae8 17. a5 c6 18. Be3 Bb8 19. Nd2 Nf4 20. Nb3 N6h5 21. Nxh5 Nxh5 22. Qd1 Nf4 23. Bxf4 exf4 24. Nd4 Re5 25. Qd2 d5 26. exd5 cxd5 27. c5 g5 28. Nf3 R5e6 {0-1 Karjakin,S (2781)-Mamedyarov,S (2800) Paris GCT Rapid 2017 (3)}) 14... d5 $146 ({RR} 14... Ree8 15. Nf1 Ne7 16. Be3 Bxe3 17. Nxe3 Ng6 18. c4 Nf4 19. Kh2 a5 20. bxa5 Rxa5 21. Rxb7 Ne6 22. Rb5 Rea8 23. Ra1 Nc5 24. Rab1 Qe8 25. g3 Rxa4 26. Nd5 Nxd5 27. cxd5 Ra2 28. R5b2 Rxb2 29. Rxb2 {½-½ Vidit,S (2726)-Svidler,P (2723) Pepe Cuenca Invitational 2020 (1.6)}) ({RR} 14... Ne7 15. Nf1 Ng6 16. Ng3 Rd8 17. c4 Ree8 18. a5 Nh7 19. Nf5 Ne7 20. N3h4 Nxf5 21. Nxf5 Re6 22. Qe2 Rde8 23. Qg4 g6 24. Bxh6 Nf6 25. Qh4 Nh5 26. Ng3 Nxg3 27. Qxg3 c6 28. h4 Bd4 29. Be3 {1-0 Xu,Y (2495)-Quesada Perez,Y (2591) Titled Tue 23rd Apr Early 2024 (8)}) ({RR} 14... Ne7 15. b5 axb5 16. Rxb5 c6 17. Rb1 Ng6 18. Nc4 Qc7 19. a5 d5 20. Nb6 Bxb6 21. axb6 Qe7 22. Be3 c5 23. Rb5 d4 24. Bd2 Rc6 25. cxd4 cxd4 26. Qb2 Nd7 27. Rc1 Qe6 28. Rxc6 Qxc6 29. Qb3 {1-0 Gomez Barrera,J (2194)-Castro Salgado,P (2196) ch-CHI 2023 Santiago CHI (8.3)}) ({RR} 14... b5 15. Ra1 Ree8 16. Nf1 d5 17. Ng3 d4 18. Bd2 dxc3 19. Bxc3 Rad8 20. Red1 Bb6 21. Nf5 g6 22. Nxh6+ Kg7 23. Qd2 bxa4 24. Nf5+ Kg8 25. Qh6 gxf5 26. Qxf6 Qe6 27. Qh4 fxe4 28. dxe4 Rxd1+ 29. Rxd1 {1-0 Moussard,J (2644)-Grigoriants,S (2562) Titled Tue 30th May Late 2023 (8)}) ({RR} 14... Ne7 15. b5 Ng6 16. Nc4 axb5 17. axb5 d5 18. exd5 Qxd5 19. Ne3 Qd7 20. Nc4 Qd5 21. Be3 e4 22. dxe4 Nxe4 23. Bxa7 Qxc4 24. Nd4 Qxc3 25. Qxc3 Nxc3 26. Nxe6 Nxb1 27. Nxc7 Rxa7 28. Rxb1 Nf4 29. b6 {0-1 Navara,D (2681)-Nakamura,H (2768) Chess.com Rapid CGC KO 2022 (2.2)}) 15. Nb3 Rd8 16. b5 axb5 17. axb5 Ne7 18. Ra1 Bb6 19. c4 dxc4 20. dxc4 Qd3 21. Qxd3 Rxd3 22. Na5 Bxa5 23. Rxa5 Nd7 24. Ra7 Rc3 25. Rxb7 Rxc4 26. Rd1 Nf6 27. Be3 Nxe4 28. Rd7 Nd6 29. Rbxc7 Rxc7 30. Rxc7 Nxb5 31. Rc5 Nd4 32. Bxd4 exd4 33. Nxd4 1/2-1/2

[Event "Olympiad Women 2024"]
[Site "Budapest HUN"]
[Date "2024.09.21"]
[Round "10.28"]
[Board "2"]
[White "Rodshtein, Tereza"]
[Black "Abarca Gonzalez, Damaris"]
[Result "1-0"]
[WhiteElo "2149"]
[BlackElo "1991"]
[PlyCount "66"]
[EventDate "2024.09.11"]
[WhiteTeam "Czech Republic"]
[BlackTeam "Chile"]
[WhiteTeamCountry "CZE"]
[BlackTeamCountry "CHI"]

1. e4 c5 2. Nf3 Nc6 3. d4 cxd4 4. Nxd4 e5 5. Nb5 d6 6. c4 Be7 7. Bd3 a6 8. N5c3 Bg5 9. Nd5 ({RR} 9. Na3 Bxc1 10. Rxc1 Qg5 11. O-O Nge7 12. Nc2 O-O 13. Re1 Be6 14. Bf1 Rad8 15. b4 f5 16. b5 Nb8 17. exf5 Nxf5 18. Nd5 Nd7 19. f4 Qh4 20. g3 Nxg3 21. hxg3 Qxg3+ 22. Bg2 Bg4 23. Qd2 exf4 {½-½ Leko,P (2745)-Fedorov,A (2575) Corus Wijk aan Zee 2001 (1)}) ({RR} 9. O-O Bxc1 10. Qxc1 Nge7 11. Nd5 O-O 12. Nbc3 Nd4 13. Ne2 Nxe2+ 14. Bxe2 Ng6 15. Qd1 Be6 16. Bg4 Bxd5 17. cxd5 Qg5 18. g3 Ne7 19. Rc1 f5 20. Bxf5 Nxf5 21. exf5 Qxf5 22. Rc7 Rac8 23. Qc1 h5 {½-½ Horak,M (2349)-Balla,T (2283) Titled Tue 23rd Jan Early 2024 (11)}) 9... Bxc1 10. Qxc1 Nge7 11. Ne3 $146 ({RR} 11. O-O Nxd5 12. exd5 Nb4 13. Qd2 Nxd3 14. Qxd3 O-O 15. Nc3 Qg5 16. f4 Bf5 17. Qf3 Qg6 18. fxe5 Bd3 19. Rfe1 Bxc4 20. Qf4 b5 21. exd6 Rad8 22. Rad1 Rxd6 23. Qd4 h5 24. b3 b4 25. bxc4 bxc3 {1-0 Oye-Stromberg,A (2329)-Andersen,M (2156) Fagernes GM Open 2023 (8.27)}) ({RR} 11. Nbc3 O-O 12. O-O Be6 13. f4 exf4 14. Qxf4 Ne5 15. Rad1 Rc8 16. b3 Bxd5 17. exd5 b5 18. Qd4 Nxd3 19. Rxd3 bxc4 20. bxc4 Ng6 21. Ne4 Ne5 22. Rc3 f5 23. Nd2 Qf6 24. c5 dxc5 25. Rxc5 Nf3+ {0-1 Solomon,S (2369)-Roy Chowdhury,S (2491) Sydney op 2014 (9)}) ({RR} 11. Nbc3 Be6 12. Qe3 O-O 13. O-O Rc8 14. Rac1 Kh8 15. a3 Na5 16. Nxe7 Qxe7 17. Nd5 Qd8 18. b4 Nb3 19. Rc3 Nd4 20. Rfc1 a5 21. h3 axb4 22. axb4 Ra8 23. Qg3 Ra4 24. Rb1 f5 25. exf5 Bxf5 {1-0 Razafindratsima,T (2355)-Delgado Ramirez,N (2612) Gijon 2021 (4)}) 11... Nd4 12. Nc3 O-O 13. O-O f5 14. exf5 Nexf5 15. f4 Be6 16. Nxf5 Bxf5 17. Qe3 Qb6 18. Bxf5 Rxf5 19. Nd5 Ne2+ 20. Kf2 Rxf4+ 21. Nxf4 Qxe3+ 22. Kxe3 Nxf4 23. Rad1 Nxg2+ 24. Ke4 Rd8 25. Rf5 b5 26. cxb5 axb5 27. Rxe5 b4 28. Rb5 Rf8 29. Rxd6 h6 30. Rd2 Rf4+ 31. Kd3 Rg4 32. Kc2 Nf4 33. Rxb4 Kf7 1-0

[Event "Olympiad Women 2024"]
[Site "Budapest HUN"]
[Date "2024.09.21"]
[Round "10.28"]
[Board "3"]
[White "Jorquera Cabello, Valentina"]
[Black "Korenova, Martina"]
[Result "1-0"]
[WhiteElo "1919"]
[BlackElo "2104"]
[PlyCount "63"]
[EventDate "2024.09.11"]
[WhiteTeam "Chile"]
[BlackTeam "Czech Republic"]
[WhiteTeamCountry "CHI"]
[BlackTeamCountry "CZE"]

1. e4 e5 2. Nf3 Nc6 3. Bc4 Bc5 4. c3 Nf6 5. d3 d6 6. Bb3 O-O 7. Nbd2 Qe7 ({RR} 7... Ne7 8. d4 Bb6 9. dxe5 Ng4 10. O-O Nxe5 11. Nxe5 dxe5 12. Nc4 Nc6 13. Qh5 Qf6 14. Bg5 Qg6 15. Qxg6 hxg6 16. Rfd1 Bc5 17. Rd5 b6 18. Ba4 Bb7 19. b4 Be7 20. Bxc6 Bxc6 21. Bxe7 Bxd5 22. exd5 {0-1 Najer,E (2606)-Nielsen,P (2628) ACP Blitz Final 3rd 2004 (1.2)}) 8. O-O Be6 9. Bc2 a5 10. h3 $146 ({RR} 10. Re1 Bb6 11. Nf1 Rad8 12. Ng3 Nd7 13. d4 exd4 14. cxd4 Bg4 15. Be3 Bxf3 16. gxf3 Qf6 17. Kh1 Nxd4 18. Bxd4 Qxd4 19. Qxd4 Bxd4 20. Re2 Nc5 21. Nf5 Bxb2 22. Rg1 Bf6 23. f4 Rde8 24. f3 Kh8 {0-1 Malinowsky,C (1359)-Liez,F (1833) GER-chT Federal Cup (Women) 2021 (1.16)}) 10... d5 11. Qe2 Nh5 12. d4 Nf4 13. Qe3 Ba7 14. Nxe5 Qg5 15. Ng4 Bxg4 16. hxg4 Qxg4 17. g3 Nh3+ 18. Kg2 Ng5 19. Rh1 Nxe4 20. Rh4 Qd7 21. Nxe4 dxe4 22. Qxe4 g6 23. Bg5 Rfe8 24. Qf3 f5 25. Bb3+ Kg7 26. Qf4 h5 27. Qf3 Rh8 28. Re1 Rae8 29. Rxe8 Rxe8 30. g4 fxg4 31. Qf6+ Kh7 32. Rxh5+ 1-0

[Event "Olympiad Women 2024"]
[Site "Budapest HUN"]
[Date "2024.09.21"]
[Round "10.28"]
[Board "4"]
[White "Novosadova, Kristyna"]
[Black "Morales Flores, Monserrat"]
[Result "1/2-1/2"]
[WhiteElo "2066"]
[BlackElo "1938"]
[PlyCount "60"]
[EventDate "2024.09.11"]
[WhiteTeam "Czech Republic"]
[BlackTeam "Chile"]
[WhiteTeamCountry "CZE"]
[BlackTeamCountry "CHI"]

1. e4 c5 2. Nf3 e6 3. d4 cxd4 4. Nxd4 a6 5. Bd3 Bc5 6. Nb3 Ba7 7. Nc3 Nc6 8. Qe2 d6 9. Be3 b5 10. O-O-O b4 11. Nb1 Nge7 12. f4 a5 13. Bb5 Qc7 $146 ({RR} 13... O-O 14. Ba4 Ba6 15. Qd2 Bxe3 16. Qxe3 Qc7 17. N1d2 Rfc8 18. Kb1 Na7 19. Nd4 e5 20. fxe5 dxe5 21. Nf5 Nxf5 22. exf5 Bb5 23. Qb3 Qc6 24. Bxb5 Nxb5 25. Nf3 a4 26. Qxb4 Qxc2+ 27. Ka1 a3 28. Rb1 {0-1 Gajsin,E (2476)-Kovalev,A (2537) Tiumen Region-ch 2010 (1)}) 14. Bxa7 Rxa7 15. Nd4 Bd7 16. Bxc6 Bxc6 17. Nb5 Bxb5 18. Qxb5+ Qd7 19. Qxd7+ Kxd7 20. Rd3 Rc8 21. Rhd1 d5 22. c3 Ke8 23. e5 Rac7 24. Kd2 h5 25. g3 Nf5 26. b3 Ke7 27. Rc1 g6 28. Rc2 Rc6 29. a3 R6c7 30. axb4 axb4 1/2-1/2

[Event "Olympiad Women 2024"]
[Site "Budapest HUN"]
[Date "2024.09.21"]
[Round "10.29"]
[Board "1"]
[White "Paulo, Jemima"]
[Black "Skvortsova, Alena"]
[Result "0-1"]
[WhiteElo "2037"]
[BlackElo "2179"]
[PlyCount "48"]
[EventDate "2024.09.11"]
[WhiteTeam "Angola"]
[BlackTeam "Montenegro"]
[WhiteTeamCountry "ANG"]
[BlackTeamCountry "MNE"]

1. d4 d6 2. c4 g6 3. Nc3 Bg7 4. e4 e5 5. Nf3 exd4 6. Nxd4 Ne7 7. Be2 Nbc6 8. Be3 O-O 9. O-O f5 10. exf5 Bxd4 11. Bxd4 Nxf5 12. Be3 Nxe3 13. fxe3 Rxf1+ 14. Bxf1 Be6 15. b3 ({RR} 15. Nd5 Ne5 16. b3 Qg5 17. Be2 Rf8 18. Nf4 Bf7 19. Qd2 Nd7 20. Bf3 Qe5 21. Rc1 Nc5 22. b4 Ne4 23. Qd4 Re8 24. Nd5 Bxd5 25. Qxe5 Rxe5 26. cxd5 Re7 27. Bg4 Ng5 28. Bc8 b6 29. h4 Nf7 {1-0 Hjartarson,J (2590)-Azmaiparashvili,Z (2540) Madrid rapid 1988 (2)}) ({RR} 15. Nd5 Bxd5 16. Qxd5+ Kg7 17. c5 Qe7 18. cxd6 Qxe3+ 19. Kh1 cxd6 20. Qxd6 Rf8 21. h3 Nd4 22. Qc7+ Rf7 23. Qc3 Qxc3 24. bxc3 Nc2 25. Rb1 b6 26. Be2 Rf2 27. Bf3 Na3 28. Rd1 a5 29. Rd7+ Kh6 {½-½ Karwowski,K (2155)-Kostiukov,A (2271) Titled Tue 20th Feb Early 2024 (4)}) 15... Ne5 16. Qd4 $146 ({RR} 16. Qd2 Qg5 17. Be2 Bh3 18. g3 Rf8 19. Nd5 Qd8 20. Nf4 Bf5 21. Rf1 Be4 22. Qd4 Bc6 23. Nd5 Rxf1+ 24. Kxf1 b6 25. Qf4 Kg7 26. h4 Bd7 27. h5 g5 28. Qe4 c6 29. Nc3 Qf6+ 30. Ke1 Qf5 {1-0 Kuleshov,K (2052)-Mihajlovskij,S (2406) Orsha blitz op 2019 (5)}) 16... Qg5 17. Ne4 Qh4 18. Nf2 Qh5 19. Nd3 Rf8 20. Nf4 Qh4 21. h3 Qg3 22. Kh1 Bxh3 23. Ne2 Rxf1+ 24. Rxf1 Qxg2# 0-1